| 000 | 01049nas a2200337 4500 | ||
|---|---|---|---|
| 001 | BR0703048 | ||
| 003 | BR-BrBNA | ||
| 005 | 20231205110839.0 | ||
| 007 | ta | ||
| 008 | 230509b bl.|||p| |||| 00| 00por d | ||
| 040 |
_aBR-BrBNA _bpor _cBiblioteca Nacional de Agricultura |
||
| 041 | _a(Pt) | ||
| 072 | _aJ11; F60 | ||
| 100 | 1 | _aLucena, E.M.P. de | |
| 100 | 1 | _aAssis, J.S. de | |
| 100 | 1 | _aAlves, R.E. | |
| 100 | 1 | _aSilva, V.C.M. da | |
| 100 | 1 | _aEnéas Filho, J. | |
| 245 | 1 | _aAlterações físicas e químicas durante o desenvolvimento de mangas 'Tommy Atkins' no Vale do São Francisco, Petrolina-PE | |
| 650 | _aMANGA | ||
| 650 | _aPÓS-COLHEITA | ||
| 650 | _aPROPAGAÇAO VEGETATIVA | ||
| 650 | _aANÁLISE QUÍMICA | ||
| 650 | _aANÁLISE FÍSICA | ||
| 650 | _aIRRIGAÇÃO | ||
| 650 | _aFISIOLOGIA VEGETAL | ||
| 650 | _aPERNAMBUCO | ||
| 773 | 0 |
_tRevista Brasileira de Fruticultura (Brazil) _xISSN 0100-2945 _g(Apr 2007), v. 29(1) p. 96-101 _wBR0703048 |
|
| 909 |
_a202311 _bLúcia _c55 _dLúcia Elande |
||
| 942 |
_2AGRIS _n0 _cANA |
||
| 999 |
_c189400 _d189400 |
||